000
00345nam a2200157Ia 4500
100
_a
Uyemura
650
_a
VLSI
942
_c
BK
366
_f
20
654
_a
VLSI
245
_a
Introductin to VLSI Circuits and Systems
260
_b
Wiley student ed.
_a
New Delhi
_c
2002
082
_a
621.395/UYE
_b
UYE
300
_a
642
546
_a
ENGLISH
999
_c
34402
_d
34402